[Event "Match Maio13(4)"]
[Site "http://www.queenalice.com/game.php?id=1177356"]
[Date "2013.5.2"]
[Round "-"]
[White "porai"]
[Black "ATeixeira"]
[Result "0-1"]
[WhiteElo "2026"]
[BlackElo "2033"]

1. e4 c5 2. Nf3 d6 3. d4 cxd4 4. Nxd4 Nf6 5. f3 a6 6. Nc3 e6 7. Be3 Qc7 8. Qd2
Bd7 9. Bd3 Nc6 10. O-O-O Be7 11. h4 Nxd4 12. Bxd4 b5 13. h5 Rb8 14. g4 b4 15.
Ne2 e5 16. Bf2 Be6 17. Bxa6 Qa5 18. Bd3 Qxa2 19. Qe3 b3 20. Qa7 Nd5 0-1

[Event "AUTO-OPEN-2894"]
[Site "http://www.queenalice.com/game.php?id=1180160"]
[Date "2013.5.10"]
[Round "2"]
[White "miltonlovisk"]
[Black "porai"]
[Result "0-1"]
[WhiteElo "1924"]
[BlackElo "1958"]

1. e4 d6 2. Nf3 g6 3. Bc4 Bg7 4. d4 Nd7 5. Ng5 e6 6. Qf3 Ngf6 7. Nxf7 Kxf7 8.
Bg5 h6 9. Bh4 Rf8 10. Nd2 Qe8 11. Bg3 Kg8 12. Qb3 Nb6 13. Bd3 Qa4 14. Qxa4 Nxa4
15. O-O-O Nh5 16. c3 Nxg3 17. fxg3 Bd7 18. Nf3 Rab8 19. e5 dxe5 20. Bxg6 exd4
21. Nxd4 Rbd8 22. Rhe1 Bxd4 23. Rxd4 Nb6 24. Rh4 Kg7 25. Be4 c6 26. Rf4 Nd5 27.
Rg4+ Kf6 28. Rg6+ Ke7 29. Rxh6 Kd6 30. Rd1 Kc7 31. Rh7 Nf6 32. Rh4 Nxe4 33. Rxe4
Rf2 34. Rd2 Rdf8 35. h4 Rxd2 36. Kxd2 Kd6 37. Ke2 b5 38. g4 e5 39. g5 Bf5 40.
Re3 Bg4+ 41. Ke1 Bh5 42. Rg3 Ke6 43. g6 Rg8 44. Rg5 Bxg6 45. Kf2 Bf7 46. Rxg8
Bxg8 47. Kf3 Kf6 48. g4 Bxa2 49. g5+ Kf5 50. Ke3 Bd5 0-1

[Event "AUTO-OPEN-2894"]
[Site "http://www.queenalice.com/game.php?id=1180161"]
[Date "2013.5.10"]
[Round "2"]
[White "porai"]
[Black "miltonlovisk"]
[Result "1/2-1/2"]
[WhiteElo "1976"]
[BlackElo "1912"]

1. e4 e5 2. Nf3 Qf6 3. Bc4 Nc6 4. O-O Bc5 5. a3 a6 6. c3 d6 7. d3 h6 8. b4 Ba7
9. Nbd2 Bg4 10. h3 Bh5 11. Qb3 Nge7 12. Nh2 O-O-O 13. Ng4 Bxg4 14. hxg4 Rhf8 15.
b5 Na5 16. Qb4 Nxc4 17. Nxc4 axb5 18. Qxb5 d5 19. Na5 Qb6 20. Qb4 Qxb4 21. axb4
dxe4 22. dxe4 Bb8 23. Be3 c6 24. Nc4 Rd3 25. Rfc1 Ng6 26. Kf1 Bc7 27. Ke2 Rfd8
28. Ra8+ Bb8 29. Nb6+ Kc7 30. Nc4 Nf4+ 31. Bxf4 exf4 32. Ne5 Rd2+ 33. Ke1 f6 34.
Nc4 R2d3 35. f3 b5 36. Na5 Kb6 37. Nb3 Be5 38. Rxd8 Rxd8 39. Ke2 Ra8 40. Kd3 Ra2
41. Rc2 Ra3 42. Nd4 c5 43. bxc5+ Kxc5 44. Ne6+ Kb6 45. Kd2 g5 46. Nd4 Ra4 47.
Kd3 b4 48. Rb2 Kc5 49. cxb4+ Rxb4 50. Rxb4 Kxb4 51. Nf5 Kb3 52. Nxh6 Kb2 53. Nf7
Kc1 54. Ke2 Bd4 55. Nd6 Kc2 56. Nf5 Be5 57. Kf2 Kd3 58. Ne7 Kd2 59. Nc6 Bd6 60.
Kf1 Ke3 61. Na5 Bc5 62. Nb3 Bb6 63. Nc1 Ba5 64. Ne2 Bd2 65. Ng1 Bc3 66. Nh3 Kd2
67. Nf2 Bd4 68. Nh3 Be3 69. Nf2 Bc5 70. Nh3 Be3 71. Nf2 Bc5 72. Nh3 1/2-1/2

[Event "AUTO-OPEN-2894"]
[Site "http://www.queenalice.com/game.php?id=1180168"]
[Date "2013.5.10"]
[Round "2"]
[White "choto"]
[Black "porai"]
[Result "1-0"]
[WhiteElo "1790"]
[BlackElo "1935"]

1. e4 c5 2. Nf3 Nc6 3. d4 cxd4 4. Nxd4 e5 5. Nb5 Qa5+ 6. N1c3 Bb4 7. a3 Bxc3+ 8.
Nxc3 Nf6 9. Bd2 Qd8 10. Bc4 O-O 11. O-O d6 12. Bg5 Be6 13. Nd5 Bxd5 14. exd5 Nd4
15. c3 Nf5 16. Qf3 Nh6 17. Rae1 Qc8 18. Bd3 Qg4 19. Qxg4 Nhxg4 20. h3 Nh6 21. f4
Nxd5 22. fxe5 dxe5 23. Rxe5 f6 24. Rxd5 fxg5 25. Rxf8+ Kxf8 26. Rd7 g6 27. Rxb7
Nf7 28. Bc4 Ne5 29. Rxh7 1-0

[Event "AUTO-OPEN-2894"]
[Site "http://www.queenalice.com/game.php?id=1180169"]
[Date "2013.5.10"]
[Round "2"]
[White "porai"]
[Black "choto"]
[Result "0-1"]
[WhiteElo "1941"]
[BlackElo "1825"]

1. c4 Nf6 2. d4 e6 3. Nc3 Bb4 4. a3 Bxc3+ 5. bxc3 c5 6. Nf3 O-O 7. e3 d5 8. Be2
Ne4 9. Qc2 b6 10. O-O Ba6 11. Bd3 Nc6 12. cxd5 Bxd3 13. Qxd3 Qxd5 14. Nd2 Nxd2
15. Bxd2 Ne5 16. Qc2 Nc4 17. e4 Qd6 18. Qd3 b5 19. Rfb1 Nxa3 20. Rc1 Nc4 21. Ra2
a6 22. g3 f5 23. Bf4 e5 24. Be3 exd4 25. cxd4 Qe6 26. dxc5 Nxe3 27. Qxe3 Qxa2
28. e5 Rac8 29. c6 Qe6 30. Qb6 Qxe5 31. Qxa6 f4 0-1

[Event "AUTO-OPEN-2894"]
[Site "http://www.queenalice.com/game.php?id=1180174"]
[Date "2013.5.10"]
[Round "2"]
[White "porai"]
[Black "npeter"]
[Result "1/2-1/2"]
[WhiteElo "1940"]
[BlackElo "2216"]

1. e4 c5 2. Nf3 d6 3. Bc4 e6 4. O-O a6 5. a3 Nf6 6. d3 Be7 7. Nc3 b5 8. Ba2 O-O
9. b4 cxb4 10. axb4 Nc6 11. Rb1 d5 12. exd5 exd5 13. Ne2 Bg4 14. Kh1 Nxb4 15.
Ra1 Bxf3 16. gxf3 Nxa2 17. Rxa2 d4 18. Rg1 Qd5 19. Ba3 Bxa3 20. Rxa3 Qxf3+ 21.
Rg2 g6 22. Nc3 Qxd1+ 23. Nxd1 Rfe8 24. f3 a5 25. c3 dxc3 26. Rxc3 a4 1/2-1/2

[Event "AUTO-OPEN-2894"]
[Site "http://www.queenalice.com/game.php?id=1180175"]
[Date "2013.5.10"]
[Round "2"]
[White "npeter"]
[Black "porai"]
[Result "1/2-1/2"]
[WhiteElo "2178"]
[BlackElo "1973"]

1. d4 Nf6 2. c4 c5 3. d5 e6 4. Nc3 d6 5. e4 e5 6. h3 Be7 7. Nf3 O-O 8. Bd3 a6 9.
O-O Nbd7 10. Qc2 Rb8 11. a4 Re8 12. Bd2 Nf8 13. a5 Ng6 14. Ne2 Rf8 15. Ng3 b6
16. axb6 Qxb6 17. Rfb1 Qa7 18. b4 Qc7 19. bxc5 Rxb1+ 20. Rxb1 1/2-1/2

[Event "OS INCLIVEIS"]
[Site "http://www.queenalice.com/game.php?id=1185785"]
[Date "2013.5.29"]
[Round "-"]
[White "adelio"]
[Black "porai"]
[Result "1-0"]
[WhiteElo "1708"]
[BlackElo "1961"]

1. b4 Nf6 2. c4 c6 3. Nc3 g6 4. d4 Bg7 5. e4 d6 6. Bd3 O-O 7. Nf3 a5 8. b5 b6 9.
Bg5 Bg4 10. h3 Bxf3 11. Qxf3 Nbd7 12. bxc6 1-0

[Event "Challenge"]
[Site "http://www.queenalice.com/game.php?id=1194171"]
[Date "2013.6.25"]
[Round "-"]
[White "porai"]
[Black "Zugswang"]
[Result "0-1"]
[WhiteElo "1953"]
[BlackElo "2026"]

1. e4 g6 2. d4 d6 3. c4 c5 4. dxc5 Qa5+ 5. Nc3 Bg7 6. Qa4+ Qxa4 7. Nxa4 Nc6 8.
Nf3 Nb4 9. Kd2 Nf6 10. Bd3 Bd7 11. Nc3 dxc5 12. a3 Nxd3 13. Kxd3 Bc6 14. Nd5 Rd8
15. Ke3 Nxe4 16. Kxe4 e6 17. Rd1 exd5+ 18. cxd5 f5+ 19. Kf4 Rxd5 20. Rxd5 Bxd5
21. Ne5 Bxg2 0-1

[Event "AUTO-ADV-2907"]
[Site "http://www.queenalice.com/game.php?id=1200168"]
[Date "2013.7.16"]
[Round "1"]
[White "porai"]
[Black "magrella"]
[Result "1-0"]
[WhiteElo "1958"]
[BlackElo "1792"]

1. e4 e5 2. f4 exf4 3. Nf3 Be7 4. Bc4 Nf6 5. e5 Ne4 6. O-O c6 7. d4 d5 8. exd6
Bxd6 9. Re1 Bf5 10. Nc3 b5 11. Bb3 Qe7 12. Nh4 Qxh4 13. Nxe4 O-O 14. Nxd6 Bg6
15. Rf1 a5 16. c3 a4 17. Bc2 Bh5 18. Qd3 Bg6 19. Nf5 Qd8 20. Bxf4 Nd7 21. Rae1
Nf6 22. Ne7+ Kh8 23. Nxg6+ fxg6 24. Qh3 Kg8 25. Qe6+ Kh8 26. Qxc6 Nh5 27. Be5
Rg8 28. Qxb5 a3 29. b4 Rc8 30. Bb3 Re8 31. Rf7 Rxc3 32. Qb7 Rg8 33. Rd7 Qg5 34.
Bxg8 Rc1 35. Rxc1 Qxc1+ 36. Kf2 Qd2+ 37. Kf3 g5 38. Bc4 Qd1+ 39. Be2 g4+ 40. Kf2
1-0

[Event "AUTO-ADV-2907"]
[Site "http://www.queenalice.com/game.php?id=1200169"]
[Date "2013.7.16"]
[Round "1"]
[White "magrella"]
[Black "porai"]
[Result "0-1"]
[WhiteElo "1801"]
[BlackElo "1967"]

1. e4 e6 2. d4 d5 3. e5 c5 4. b3 Nc6 5. Bb5 a6 6. Bxc6+ bxc6 7. Nf3 cxd4 8. Nxd4
Qc7 9. Qe2 c5 10. Nf3 Ne7 11. O-O Bb7 12. Bb2 g6 13. Nbd2 Bg7 14. Rab1 O-O 15.
h3 Nc6 16. a3 Rae8 17. c4 d4 18. Rfe1 Ne7 19. b4 Nf5 20. Ba1 f6 21. bxc5 fxe5
22. Nxe5 Ba8 23. Nf1 Nh4 24. f3 Rf5 25. Bxd4 Rg5 26. g4 Bxe5 27. Bxe5 Rxe5 28.
Ne3 Nxf3+ 29. Kf2 Nxe1 30. Rxe1 Qc6 31. Rg1 Qxc5 32. Qd3 Rf8+ 33. Ke2 Bf3+ 34.
Kd2 Qxe3+ 35. Qxe3 Rd8+ 36. Qd3 Re2+ 37. Kc3 Rxd3+ 38. Kxd3 Ra2 39. h4 Rxa3+ 40.
Kd4 Kf7 41. c5 Ke7 42. g5 Ra4+ 43. Ke3 Bd5 44. Rc1 Kd7 45. Rh1 Kc6 46. h5 Bxh1
47. hxg6 hxg6 0-1

[Event "AUTO-ADV-2907"]
[Site "http://www.queenalice.com/game.php?id=1200170"]
[Date "2013.7.16"]
[Round "1"]
[White "porai"]
[Black "robsoncxi"]
[Result "0-1"]
[WhiteElo "1973"]
[BlackElo "2009"]

1. e4 e6 2. d4 d5 3. Nc3 Nf6 4. Bg5 dxe4 5. Nxe4 Be7 6. Bxf6 Bxf6 7. Nxf6+ Qxf6
8. Nf3 O-O 9. Bd3 b6 10. O-O Bb7 11. c3 Bxf3 12. Qxf3 Qxf3 13. gxf3 Nd7 14. f4
g6 15. Rfe1 Rad8 16. Re3 c5 17. Re4 Nf6 18. Ree1 cxd4 19. Rac1 Nh5 20. f5 exf5
21. cxd4 Rxd4 22. Rc3 Rfd8 23. Bc4 R8d7 24. Bb3 Nf4 25. Rc4 Rxc4 26. Bxc4 Kf8
27. Bb5 Re7 28. Kf1 Rxe1+ 29. Kxe1 Ke7 0-1

[Event "AUTO-ADV-2907"]
[Site "http://www.queenalice.com/game.php?id=1200171"]
[Date "2013.7.16"]
[Round "1"]
[White "robsoncxi"]
[Black "porai"]
[Result "0-1"]
[WhiteElo "1988"]
[BlackElo "1940"]

1. e4 Nf6 2. e5 Nd5 3. d4 e6 4. c4 Nb6 5. f4 d6 6. Nc3 Be7 7. Nf3 dxe5 8. fxe5
Bd7 9. d5 exd5 10. cxd5 Bg4 11. Be2 Bxf3 12. Bxf3 c6 13. d6 Bg5 14. O-O O-O 15.
Bg4 N8d7 16. Ne4 Bxc1 17. Rxc1 Nxe5 18. Bh3 Nd5 19. Qd4 f6 20. Be6+ Kh8 21. Bxd5
cxd5 22. Qxd5 Qd7 23. Rc7 Qd8 24. Rfc1 h6 25. Re7 Qb6+ 26. Kh1 Qxb2 27. Qc5 Nd3
28. Qc7 Qxc1+ 29. Qxc1 Nxc1 30. d7 Nd3 31. Nd6 Ne5 32. Nxb7 Rab8 33. Kg1 Rxb7
34. Re8 Rb8 0-1

[Event "AUTO-ADV-2907"]
[Site "http://www.queenalice.com/game.php?id=1200172"]
[Date "2013.7.16"]
[Round "1"]
[White "porai"]
[Black "srvjhym"]
[Result "0-1"]
[WhiteElo "1981"]
[BlackElo "1963"]

1. e4 e5 2. Nf3 Nc6 3. Bb5 d6 4. O-O Nf6 5. d3 Be7 6. Bxc6+ bxc6 7. Nc3 O-O 8.
a4 c5 9. Ne2 c6 10. Ng3 d5 11. Re1 Bg4 12. h3 Bxf3 13. Qxf3 d4 14. Nf5 g6 15.
Bh6 Re8 16. Ng7 Rf8 17. Ne6 Qd6 18. Nxf8 Bxf8 19. Bxf8 Rxf8 20. a5 Kg7 21. a6
Ne8 22. Qe2 Nc7 23. c4 Rb8 24. Reb1 Rb6 25. Qd2 h5 26. Ra4 Rb4 27. Rxb4 cxb4 28.
b3 Ne6 29. g3 h4 30. Kg2 Qd8 31. Qxb4 Qg5 32. Kh2 hxg3+ 33. fxg3 Qe3 34. Qe1
Qxd3 35. Rb2 Ng5 36. Qe2 Qc3 37. Qc2 Nf3+ 0-1

[Event "AUTO-ADV-2907"]
[Site "http://www.queenalice.com/game.php?id=1200173"]
[Date "2013.7.16"]
[Round "1"]
[White "srvjhym"]
[Black "porai"]
[Result "1-0"]
[WhiteElo "1984"]
[BlackElo "1964"]

1. d4 c5 2. dxc5 b6 3. cxb6 Qxb6 4. b3 Nc6 5. Bb2 Nf6 6. Nd2 Bb7 7. e3 g6 8.
Ngf3 Bg7 9. Bc4 O-O 10. O-O Na5 11. Bd3 Rfc8 12. Rb1 Qc6 13. c4 Qc7 14. Bxf6
Bxf6 15. Be4 Rab8 16. Bxb7 Nxb7 17. Ne4 Bg7 18. Qd2 d6 19. Rbd1 Nc5 20. Nxc5
Qxc5 21. Qc2 a5 22. Rd5 Qb4 23. Rfd1 a4 24. R5d3 Rc5 25. h3 Ra8 26. Qe2 axb3 27.
axb3 Ra3 28. Nd4 Qb8 29. Nb5 Ra1 30. Rxa1 Bxa1 31. Nd4 Qa8 32. Rd2 Rg5 33. f3
Bc3 34. Ra2 Ra5 35. Rxa5 Qxa5 36. Nc6 Qa1+ 37. Qf1 Kf8 38. Qxa1 Bxa1 39. b4 Ke8
40. b5 Kd7 41. Kf2 e6 42. e4 Kc7 43. Ke3 Kb6 44. Nd8 1-0

[Event "Challenge"]
[Site "http://www.queenalice.com/game.php?id=1225698"]
[Date "2013.10.18"]
[Round "-"]
[White "ATeixeira"]
[Black "porai"]
[Result "1-0"]
[WhiteElo "2134"]
[BlackElo "1949"]

1. e4 Nf6 2. e5 Nd5 3. d4 d6 4. Bc4 dxe5 5. dxe5 c6 6. Nc3 Be6 7. Nxd5 Bxd5 8.
Bxd5 Qxd5 9. Nf3 e6 10. O-O Nd7 11. Bf4 Bc5 12. Qe2 Bb6 13. Rfd1 Qb5 14. c4 Qb4
15. Ng5 Qe7 16. Qh5 O-O-O 17. Qxf7 Rde8 18. Qxe7 Rxe7 19. Ne4 Kb8 20. b4 Bc7 21.
Nd6 h6 22. h4 Rg8 23. h5 g5 24. hxg6 Rxg6 25. a4 h5 26. a5 Reg7 27. g3 h4 28.
Kg2 Rg4 29. Kf3 hxg3 30. Ne8 Rg8 31. Rxd7 gxf2 32. Rf1 1-0

[Event "Challenge"]
[Site "http://www.queenalice.com/game.php?id=1238249"]
[Date "2013.12.7"]
[Round "-"]
[White "porai"]
[Black "ATeixeira"]
[Result "0-1"]
[WhiteElo "1951"]
[BlackElo "2159"]

1. d4 d5 2. c4 e6 3. Nf3 Nf6 4. Bg5 Be7 5. Nc3 O-O 6. e3 Nbd7 7. Bd3 b6 8. cxd5
exd5 9. O-O Bb7 10. Rc1 Ne4 11. Bf4 Nxc3 12. Rxc3 c5 13. b3 Nf6 14. Qc2 Ne4 15.
dxc5 Nxc3 16. Bxh7+ Kh8 17. Qf5 Ne2+ 18. Kh1 Nxf4 19. exf4 Bc8 20. Qh5 Bg4 21.
Qxg4 Kxh7 22. c6 Bf6 23. a4 Kg8 24. b4 Qd6 25. b5 Qb4 26. Qf5 d4 27. Rc1 Rfe8
28. c7 Rac8 29. Qd7 Qe7 30. Qc6 Qe4 31. h3 Qxc6 32. Rxc6 Re7 33. g4 Rexc7 34. g5
Be7 35. Nxd4 Bc5 36. Rxc7 Rxc7 0-1

[Event "Amigos do Face"]
[Site "http://www.queenalice.com/game.php?id=1248253"]
[Date "2014.1.15"]
[Round "1"]
[White "porai"]
[Black "ATeixeira"]
[Result "0-1"]
[WhiteElo "1939"]
[BlackElo "2137"]

1. e4 d6 2. d4 Nf6 3. Nc3 g6 4. Nf3 Bg7 5. Bc4 O-O 6. O-O Nxe4 7. Bxf7+ Rxf7 8.
Nxe4 Bg4 9. Neg5 Bxf3 10. Nxf3 Nc6 11. c3 e5 12. Qb3 Bf6 13. Qxb7 Qe8 14. dxe5
Nxe5 15. Nxe5 Bxe5 16. Rb1 Rb8 17. Qd5 Rb5 18. Qd1 Bxc3 19. Qd3 Bg7 20. b3 Rh5
0-1

[Event "Challenge"]
[Site "http://www.queenalice.com/game.php?id=1248800"]
[Date "2014.1.16"]
[Round "-"]
[White "StenioVS"]
[Black "porai"]
[Result "1-0"]
[WhiteElo "2239"]
[BlackElo "1943"]

1. Nf3 Nf6 2. c4 c5 3. g3 Nc6 4. Bg2 g6 5. O-O Bg7 6. d4 cxd4 7. Nxd4 O-O 8. Nc3
Qb6 9. Nxc6 bxc6 10. Rb1 Rb8 11. b3 Qa5 12. Qc2 Bb7 13. Bd2 Qc7 14. Bf4 d6 15.
c5 Ne8 16. Rfd1 e5 17. cxd6 Nxd6 18. Be3 Ba8 19. Bxa7 Qxa7 20. Rxd6 c5 21. Na4
Rbc8 22. Bxa8 Qxa8 23. Nb6 1-0

[Event "Challenge"]
[Site "http://www.queenalice.com/game.php?id=1406440"]
[Date "2016.1.27"]
[Round "-"]
[White "ATeixeira"]
[Black "porai"]
[Result "1-0"]
[WhiteElo "2144"]
[BlackElo "1904"]

1. Nc3 Nf6 2. Nf3 g6 3. e4 d6 4. Bc4 Bg7 5. O-O Nbd7 6. Bxf7+ Kxf7 7. Ng5+ Kg8
8. Ne6 Qe8 9. Nxc7 Qd8 10. Nxa8 Nf8 11. e5 dxe5 12. Nb5 Bd7 13. Nbc7 Ne6 14. d4
Nxc7 15. dxe5 Nxa8 16. exf6 Bxf6 17. Qd5+ Kg7 18. Qxb7 Qc7 19. Qb3 Rc8 20. c3
Nb6 21. Be3 Nc4 22. Rfe1 Nxe3 23. Rxe3 Bc6 24. Rae1 Qb7 25. Qa3 Rc7 26. Rg3 a6
27. Qa5 Qa7 28. Qh5 Bd7 29. Qe2 Rc6 30. Re3 Be8 31. Qf3 Bf7 32. Qxc6 1-0